| 000 | 00643cam a22001815a 4500 | ||
|---|---|---|---|
| 001 | L155989 | ||
| 008 | 120424s1809 xxk f 000 0 eng d | ||
| 035 | _a(Sirsi) u155989 | ||
| 041 | 0 | _aeng | |
| 110 | 2 |
_aAuction Mart (London, England) _96047 |
|
| 245 | 0 | 2 |
_aA detailed prospectus of the auction mart _binstituted 1808, illustrated by designs, plans, and sections |
| 260 |
_aLondon _bPrinted by order of the directors, by A. Topping _c1809 |
||
| 300 |
_a28 p., [7] p. of plates (some folded) _bill. _c22 cm. |
||
| 583 |
_aCondition reviewed _c20120620 _lcondition level 1 |
||
| 651 | 4 | _aLondon | |
| 690 |
_aAuctioneering _96218 |
||
| 942 | _n0 | ||
| 999 |
_c113963 _d113963 |
||